[Event "MP Reykjavik Open 2011"]
[Site "Reykjavik ISL"]
[Date "2011.03.11"]
[Round "3.60"]
[White "Burrows, Martin P"]
[Black "Lee, Kai Jie Edward"]
[Result "1/2-1/2"]
[WhiteElo "2168"]
[BlackElo "1913"]
[PlyCount "73"]
[EventDate "2011.03.09"]
[EventType "swiss"]
[EventRounds "9"]
[EventCountry "ISL"]
[Source "lmi"]
[SourceDate "2011.03.09"]

1. e4 e5 2. Bc4 Nf6 3. d4 exd4 4. Nf3 Nxe4 5. Qxd4 Nf6 6. Bg5 Be7 7. Nc3 c6 8.
O-O-O d5 9. Qh4 Be6 10. Rhe1 Nbd7 11. Bd3 c5 12. Ne5 Nxe5 13. Rxe5 d4 14. Bb5+
Kf8 15. Ne4 a6 16. Bd3 Nd7 17. Rxe6 fxe6 18. Bc4 Nf6 19. Rd3 Nxe4 20. Bxe7+
Qxe7 21. Qxe4 Re8 22. a4 h5 23. Rb3 b5 24. axb5 axb5 25. Rxb5 Rh6 26. Rb7 Qf6
27. f4 g5 28. f5 Re7 29. Rxe7 Qxe7 30. Bxe6 Kg7 31. Qe5+ Rf6 32. g3 Qa7 33. Kb1
Qa5 34. Qd6 Qe1+ 35. Ka2 Qa5+ 36. Kb1 Qe1+ 37. Ka2 1/2-1/2

[Event "MP Reykjavik Open 2011"]
[Site "Reykjavik ISL"]
[Date "2011.03.11"]
[Round "3.61"]
[White "Bjornsson, Tomas"]
[Black "Karlsson, Mikael Johann"]
[Result "1-0"]
[WhiteElo "2158"]
[BlackElo "1835"]
[PlyCount "59"]
[EventDate "2011.03.09"]
[EventType "swiss"]
[EventRounds "9"]
[EventCountry "ISL"]
[Source "lmi"]
[SourceDate "2011.03.09"]

1. e4 c5 2. Nf3 e6 3. d4 cxd4 4. Nxd4 Nf6 5. Nc3 Bb4 6. Qd3 Nc6 7. Bd2 O-O 8.
Nb3 d5 9. f3 a5 10. a3 Be7 11. exd5 exd5 12. O-O-O Be6 13. Nb5 a4 14. N3d4 Bd7
15. Bf4 Nxd4 16. Qxd4 Bc6 17. Qe5 Nd7 18. Qc7 Bf6 19. Qxd8 Rfxd8 20. Nc7 Ra5
21. Bd2 Ra7 22. Bb4 d4 23. Nb5 Bxb5 24. Bxb5 b6 25. f4 Nc5 26. Rhe1 g6 27. Re2
Ne6 28. g3 Nc7 29. Bc6 Nd5 30. Bxd5 1-0

[Event "MP Reykjavik Open 2011"]
[Site "Reykjavik ISL"]
[Date "2011.03.11"]
[Round "3.62"]
[White "Guindy, Esmat"]
[Black "Fivelstad, Jon Olav"]
[Result "1-0"]
[WhiteElo "2153"]
[BlackElo "1854"]
[PlyCount "87"]
[EventDate "2011.03.09"]
[EventType "swiss"]
[EventRounds "9"]
[EventCountry "ISL"]
[Source "lmi"]
[SourceDate "2011.03.09"]

1. d4 Nf6 2. c4 g6 3. Nf3 Bg7 4. g3 c5 5. d5 b5 6. cxb5 a6 7. bxa6 Bxa6 8. Bg2
d6 9. O-O O-O 10. Nc3 Nbd7 11. Bf4 Qa5 12. Qc1 Rfb8 13. Rd1 Qb4 14. b3 Ng4 15.
Bd2 Nge5 16. Nxe5 Nxe5 17. Rb1 Bc8 18. a4 Qb6 19. h3 Bf5 20. Ne4 Qa6 21. Re1 c4
22. f4 Nd7 23. b4 Qxa4 24. Qxc4 Rc8 25. Qb3 Qa7+ 26. e3 Nb6 27. g4 Bd7 28. b5
Qa4 29. Bc3 Qxb3 30. Rxb3 Ra2 31. Bxg7 Rcc2 32. Bf1 Kxg7 33. Nc3 Rab2 34. Rxb2
Rxb2 35. Re2 Rb3 36. Rc2 e6 37. dxe6 fxe6 38. Kf2 Kf7 39. Ke1 Nd5 40. Nxd5 exd5
41. Bg2 Ke8 42. Bxd5 Rxb5 43. Rd2 h6 44. Be4 1-0

[Event "MP Reykjavik Open 2011"]
[Site "Reykjavik ISL"]
[Date "2011.03.11"]
[Round "3.63"]
[White "Schaefer, Reyk"]
[Black "Kristinardottir, Elsa Maria"]
[Result "1-0"]
[WhiteElo "2133"]
[BlackElo "1702"]
[PlyCount "177"]
[EventDate "2011.03.09"]
[EventType "swiss"]
[EventRounds "9"]
[EventCountry "ISL"]
[Source "lmi"]
[SourceDate "2011.03.09"]

1. d4 d5 2. Nf3 Nf6 3. c4 c6 4. Nc3 e6 5. g3 Nbd7 6. Bg2 g6 7. O-O Bg7 8. b3
O-O 9. Qc2 Re8 10. Rd1 dxc4 11. bxc4 Nb6 12. c5 Nbd5 13. Rb1 Nxc3 14. Qxc3 Nd5
15. Qc2 f5 16. Ne5 g5 17. Nc4 h6 18. e4 Nf6 19. Nd6 Nxe4 20. Nxe8 Qxe8 21. Bxe4
fxe4 22. Qxe4 Qd8 23. Qg6 Qd5 24. Bb2 Bd7 25. Re1 Rf8 26. Re5 Qf3 27. Rf1 Be8
28. Qxe6+ Bf7 29. Qf5 Bxa2 30. Qxf3 Rxf3 31. Re3 Bd5 32. Rfe1 b6 33. Re8+ Rf8
34. cxb6 axb6 35. Rxf8+ Kxf8 36. Re2 b5 37. Ba3+ Kf7 38. Bc5 Bf6 39. f4 g4 40.
Kf2 Bc4 41. Rb2 Ke6 42. Ke3 Kf5 43. Rb1 Bd5 44. Bd6 Bd8 45. Ra1 Ke6 46. Bc5 Kf5
47. Ra8 Bc7 48. Rf8+ Kg6 49. Bb4 Be6 50. Kd3 Bc4+ 51. Kc3 Be6 52. Re8 Kf5 53.
Rh8 Kg6 54. Bf8 Ba5+ 55. Kb2 Be1 56. Rxh6+ Kf7 57. Bc5 Bd5 58. Rh7+ Kg6 59. Re7
Ba5 60. Re5 Bf3 61. Rg5+ Kf6 62. Rh5 Be1 63. Kc2 Kg6 64. Rh8 Kg7 65. Rh5 Kg6
66. Rh8 Kg7 67. Rh4 Kg6 68. Kb3 Bd1+ 69. Ka3 Bf3 70. Bb4 Bf2 71. Bc3 Kf5 72.
Kb4 Ke6 73. Rh5 Bd5 74. Re5+ Kf6 75. Re2 Bg1 76. Kc5 Bf3 77. Rd2 Be3 78. Ra2
Bd5 79. Ra8 Bg1 80. Rh8 Kg7 81. Rh4 Bf3 82. Kd6 Kg6 83. Rh8 Bf2 84. Ke6 Bd5+
85. Ke5 Kg7 86. Rh4 Bf3 87. f5 Be3 88. f6+ Kg8 89. Ke6 1-0

[Event "MP Reykjavik Open 2011"]
[Site "Reykjavik ISL"]
[Date "2011.03.11"]
[Round "3.64"]
[White "Schwenke, Markus"]
[Black "Brynjarsson, Eirikur Orn"]
[Result "1/2-1/2"]
[WhiteElo "2098"]
[BlackElo "1626"]
[PlyCount "60"]
[EventDate "2011.03.09"]
[EventType "swiss"]
[EventRounds "9"]
[EventCountry "ISL"]
[Source "lmi"]
[SourceDate "2011.03.09"]

1. d4 d5 2. Nf3 Nf6 3. c4 c6 4. Nc3 e6 5. e3 Nbd7 6. Bd3 dxc4 7. Bxc4 Qc7 8.
O-O Bd6 9. Qc2 O-O 10. e4 e5 11. Be3 Ng4 12. h3 Nxe3 13. fxe3 Nf6 14. Rad1 b5
15. Bb3 a5 16. a3 Ba6 17. Rf2 Rae8 18. Rfd2 b4 19. axb4 axb4 20. Ne2 Qb6 21. g4
exd4 22. Nexd4 Nxe4 23. Rg2 c5 24. Nf5 g6 25. Bd5 gxf5 26. gxf5+ Ng3 27. f6 c4
28. Rd4 Rxe3 29. Qf2 Rxf3 30. Bxf3 Kh8 1/2-1/2

[Event "MP Reykjavik Open 2011"]
[Site "Reykjavik ISL"]
[Date "2011.03.11"]
[Round "3.65"]
[White "Ragnarsson, Dagur"]
[Black "Willis, Brad"]
[Result "1/2-1/2"]
[WhiteElo "1625"]
[BlackElo "2090"]
[PlyCount "75"]
[EventDate "2011.03.09"]
[EventType "swiss"]
[EventRounds "9"]
[EventCountry "ISL"]
[Source "lmi"]
[SourceDate "2011.03.09"]

1. c4 f5 2. g3 Nf6 3. Bg2 d6 4. e3 a5 5. Nc3 e6 6. Nge2 Be7 7. O-O O-O 8. b3
Qe8 9. Bb2 Nc6 10. d4 e5 11. dxe5 dxe5 12. Nd5 Bd8 13. Nec3 e4 14. Rc1 Be6 15.
Nb5 Rc8 16. Bxf6 gxf6 17. f3 exf3 18. Bxf3 Kh8 19. Qd2 Ne5 20. Nd4 Nxf3+ 21.
Rxf3 Qe7 22. Nf4 Bf7 23. Qxa5 c5 24. Qb5 Qc7 25. Nde6 Qe7 26. Nxd8 Rfxd8 27.
Qa5 Ra8 28. Qc3 Rxa2 29. Rcf1 Rdd2 30. R3f2 Rac2 31. Qa1 Qxe3 32. Qxf6+ Kg8 33.
Nh3 Rxf2 34. Nxf2 Qxb3 35. Qg5+ Kf8 36. Qd8+ Kg7 37. Qg5+ Kf8 38. Qd8+ 1/2-1/2

[Event "MP Reykjavik Open 2011"]
[Site "Reykjavik ISL"]
[Date "2011.03.11"]
[Round "3.66"]
[White "Will, Matthias"]
[Black "Sverrisson, Nokkvi"]
[Result "1/2-1/2"]
[WhiteElo "2047"]
[BlackElo "1824"]
[PlyCount "96"]
[EventDate "2011.03.09"]
[EventType "swiss"]
[EventRounds "9"]
[EventCountry "ISL"]
[Source "lmi"]
[SourceDate "2011.03.09"]

1. d4 Nf6 2. Nf3 d5 3. Bg5 Ne4 4. Bh4 c5 5. e3 Qb6 6. Qc1 Nc6 7. c3 Bf5 8. Nbd2
cxd4 9. Nxd4 Nxd4 10. exd4 Rc8 11. Nxe4 Bxe4 12. f3 Bg6 13. Be2 e6 14. a4 a6
15. a5 Qc7 16. Bg3 Bd6 17. Bxd6 Qxd6 18. O-O O-O 19. Qe3 Rfe8 20. Qe5 Qxe5 21.
dxe5 Rc5 22. Rfd1 Rec8 23. Rd4 Kf8 24. Rb4 R8c7 25. Kf2 Ke7 26. Ke3 f6 27. f4
Be4 28. g3 fxe5 29. fxe5 Bg2 30. Kd4 R5c6 31. Ra3 Be4 32. Rb6 Rxb6 33. axb6 Rc6
34. Rb3 Bc2 35. Rb4 a5 36. Rb5 a4 37. Rb4 Kd8 38. Bb5 Rc8 39. Bxa4 Bxa4 40.
Rxa4 Kd7 41. b3 Kc6 42. c4 Rd8 43. c5 Rf8 44. Ra2 Rf3 45. Rb2 Kb5 46. Rc2 Kc6
47. Rb2 Kb5 48. Rc2 Kc6 1/2-1/2

[Event "MP Reykjavik Open 2011"]
[Site "Reykjavik ISL"]
[Date "2011.03.11"]
[Round "3.67"]
[White "Sigurdarson, Emil"]
[Black "Saemundsson, Bjarni"]
[Result "0-1"]
[WhiteElo "1694"]
[BlackElo "1923"]
[PlyCount "70"]
[EventDate "2011.03.09"]
[EventType "swiss"]
[EventRounds "9"]
[EventCountry "ISL"]
[Source "lmi"]
[SourceDate "2011.03.09"]

1. e4 e5 2. Bc4 Nf6 3. d3 d6 4. Nc3 Be6 5. Bb3 Be7 6. f4 Bg4 7. Nf3 Nc6 8. h3
Be6 9. O-O Bxb3 10. axb3 O-O 11. Be3 Nd7 12. Qd2 f5 13. Rae1 fxe4 14. Nxe4 d5
15. Neg5 d4 16. Bf2 Bxg5 17. Nxg5 Qe8 18. fxe5 Ndxe5 19. Re2 Qg6 20. Rfe1 h6
21. Bg3 hxg5 22. Bxe5 Nxe5 23. Rxe5 Rf5 24. Qa5 Raf8 25. Qd5+ Kh7 26. Qxd4 Qf6
27. Qe4 g6 28. Re7+ Kh6 29. Rxc7 Qb6+ 30. Qe3 Rf1+ 31. Kh2 Qxc7+ 32. Qe5 Qxe5+
33. Rxe5 R1f2 34. Re7 R8f7 35. Re8 Rxc2 0-1

[Event "MP Reykjavik Open 2011"]
[Site "Reykjavik ISL"]
[Date "2011.03.11"]
[Round "3.68"]
[White "Gates, David A"]
[Black "Duchrow, Oliver"]
[Result "1-0"]
[WhiteElo "1698"]
[BlackElo "2165"]
[PlyCount "73"]
[EventDate "2011.03.09"]
[EventType "swiss"]
[EventRounds "9"]
[EventCountry "ISL"]
[Source "lmi"]
[SourceDate "2011.03.09"]

1. e4 c5 2. Nf3 e6 3. c3 Qa5 4. Bd3 g6 5. O-O Bg7 6. Bc2 Ne7 7. d4 cxd4 8. cxd4
O-O 9. Be3 d5 10. Nc3 Nbc6 11. Qd2 Rd8 12. e5 b5 13. Bg5 Rd7 14. Qf4 Qb6 15.
Rad1 a5 16. Qh4 Ba6 17. Rfe1 Qd8 18. Bf6 Qf8 19. Re3 h6 20. g4 Rc8 21. Bb1 Rdc7
22. g5 h5 23. Kg2 a4 24. Ne2 Na5 25. Ne1 Nc4 26. Rh3 Nxb2 27. Ng3 Rc3 28. Rd2
Nc4 29. Rd3 Rxd3 30. Bxd3 Nb2 31. Nxh5 Nxd3 32. Nxg7 Nxe1+ 33. Kh1 Qxg7 34.
Bxg7 f5 35. Qh7+ Kf7 36. Bf6+ Ke8 37. Qxe7# 1-0

[Event "MP Reykjavik Open 2011"]
[Site "Reykjavik ISL"]
[Date "2011.03.11"]
[Round "3.69"]
[White "Van der Plas, Rob"]
[Black "Hauksson, Hordur Aron"]
[Result "0-1"]
[WhiteElo "2165"]
[BlackElo "1719"]
[PlyCount "46"]
[EventDate "2011.03.09"]
[EventType "swiss"]
[EventRounds "9"]
[EventCountry "ISL"]
[Source "lmi"]
[SourceDate "2011.03.09"]

1. d4 Nf6 2. c4 e6 3. Nc3 d5 4. Nf3 c6 5. cxd5 exd5 6. Qc2 Nbd7 7. Bf4 Be7 8.
e3 O-O 9. Bd3 Re8 10. O-O-O Bb4 11. Ne5 Nxe5 12. dxe5 Bxc3 13. Qxc3 Ng4 14. Qc2
h6 15. Bh7+ Kh8 16. Bf5 Bxf5 17. Qxf5 Nxf2 18. Bxh6 Nxd1 19. Bg5 Qc8 20. Qxf7
Qg4 21. h4 Rf8 22. Qg6 Nf2 23. h5 Qe2 0-1

[Event "MP Reykjavik Open 2011"]
[Site "Reykjavik ISL"]
[Date "2011.03.11"]
[Round "3.70"]
[White "Leosson, Atli Johann"]
[Black "Maack, Kjartan"]
[Result "0-1"]
[WhiteElo "1685"]
[BlackElo "2157"]
[PlyCount "78"]
[EventDate "2011.03.09"]
[EventType "swiss"]
[EventRounds "9"]
[EventCountry "ISL"]
[Source "lmi"]
[SourceDate "2011.03.09"]

1. e4 e5 2. Nf3 Nc6 3. Bc4 Bc5 4. Nc3 Nf6 5. d3 d6 6. Bg5 h6 7. Bh4 g5 8. Bg3
Bg4 9. h4 Bxf3 10. gxf3 Rg8 11. hxg5 hxg5 12. Nd5 Nxd5 13. Bxd5 Qf6 14. c3 Nd8
15. Qe2 c6 16. Bb3 Ne6 17. O-O-O O-O-O 18. Rh7 Rh8 19. Rdh1 Rxh7 20. Rxh7 Qg6
21. Bxe6+ Qxe6 22. b4 Bb6 23. Rh1 a5 24. a3 axb4 25. axb4 Kc7 26. Kb2 Ra8 27.
Ra1 Rxa1 28. Kxa1 Qb3 29. Qd2 f6 30. d4 c5 31. Qb2 Qd1+ 32. Ka2 cxd4 33. Qb3
Qd2+ 34. Ka3 Qxc3 35. Qxc3+ dxc3 36. Kb3 Bd4 37. f4 exf4 38. Bh2 Bxf2 39. Kxc3
g4 0-1

[Event "MP Reykjavik Open 2011"]
[Site "Reykjavik ISL"]
[Date "2011.03.11"]
[Round "3.71"]
[White "Hardarson, Jon Trausti"]
[Black "Herms Agullo, Jordi"]
[Result "0-1"]
[WhiteElo "1639"]
[BlackElo "2098"]
[PlyCount "42"]
[EventDate "2011.03.09"]
[EventType "swiss"]
[EventRounds "9"]
[EventCountry "ISL"]
[Source "lmi"]
[SourceDate "2011.03.09"]

1. c4 Nf6 2. g3 e5 3. Bg2 Nc6 4. Nc3 Bc5 5. d3 O-O 6. Nf3 Ng4 7. O-O f5 8. Bg5
Be7 9. Bxe7 Qxe7 10. Nd5 Qd8 11. Nd2 d6 12. b4 Ne7 13. Nb3 Nxd5 14. Bxd5+ Kh8
15. Qd2 f4 16. Rac1 Qg5 17. Bf3 Rf6 18. h4 Qh5 19. Kg2 Qg6 20. d4 Ne3+ 21. Kh2
Qf5 0-1

[Event "MP Reykjavik Open 2011"]
[Site "Reykjavik ISL"]
[Date "2011.03.11"]
[Round "3.72"]
[White "Johannesson, Oliver"]
[Black "Calder, Dennis"]
[Result "1-0"]
[WhiteElo "1554"]
[BlackElo "1949"]
[PlyCount "153"]
[EventDate "2011.03.09"]
[EventType "swiss"]
[EventRounds "9"]
[EventCountry "ISL"]
[Source "lmi"]
[SourceDate "2011.03.09"]

1. e4 e5 2. Nf3 Nc6 3. Bc4 Nf6 4. O-O Bc5 5. d4 Bxd4 6. Nxd4 exd4 7. e5 d5 8.
exf6 dxc4 9. fxg7 Rg8 10. Re1+ Be6 11. Qh5 Qf6 12. Qxh7 Qxg7 13. Qxg7 Rxg7 14.
Bf4 O-O-O 15. Nd2 Nb4 16. Rec1 Nd5 17. Bg3 c3 18. bxc3 Nxc3 19. Re1 c5 20. Be5
Rg4 21. Nb3 b6 22. a4 Bxb3 23. cxb3 Re4 24. Rxe4 Nxe4 25. a5 f6 26. Bf4 b5 27.
f3 Nc3 28. Bd2 Ne2+ 29. Kf2 d3 30. Be3 Rd5 31. a6 Nd4 32. Bxd4 Rxd4 33. Ke1 Kc7
34. Kd2 Kb6 35. g4 Rf4 36. Rf1 Kxa6 37. Kxd3 Ka5 38. h4 Kb4 39. h5 Kxb3 40.
Rb1+ Ka4 41. Ke3 Rd4 42. Ra1+ Kb4 43. Rxa7 Rd1 44. Rf7 c4 45. h6 c3 46. h7 Rh1
47. Kd3 Kb3 48. Rc7 b4 49. f4 Rd1+ 50. Ke2 Rd2+ 51. Ke3 Rd8 52. g5 fxg5 53.
fxg5 Kb2 54. g6 Rh8 55. Kd3 b3 56. Rxc3 Rd8+ 57. Kc4 Rc8+ 58. Kb5 Rb8+ 59. Kc4
Rc8+ 60. Kd4 Rd8+ 61. Ke3 Kxc3 62. g7 Re8+ 63. Kf3 b2 64. h8=Q Rxh8 65. gxh8=Q+
Kc2 66. Qc8+ Kd2 67. Qd7+ Kc2 68. Qc6+ Kb3 69. Qb5+ Kc2 70. Qc4+ Kd1 71. Qb3+
Kc1 72. Qc3+ Kb1 73. Ke3 Ka2 74. Qa5+ Kb3 75. Qb5+ Ka2 76. Qa4+ Kb1 77. Kd3 1-0

[Event "MP Reykjavik Open 2011"]
[Site "Reykjavik ISL"]
[Date "2011.03.11"]
[Round "3.74"]
[White "Knudsen, Jes West"]
[Black "Hauksdottir, Hrund"]
[Result "1-0"]
[WhiteElo "1945"]
[BlackElo "1554"]
[PlyCount "59"]
[EventDate "2011.03.09"]
[EventType "swiss"]
[EventRounds "9"]
[EventCountry "ISL"]
[Source "lmi"]
[SourceDate "2011.03.09"]

1. f4 d5 2. Nf3 Nf6 3. d3 e6 4. g3 c5 5. Bg2 Be7 6. O-O O-O 7. Nc3 Nc6 8. e4
Qc7 9. e5 Nd7 10. Bh3 a6 11. a4 Nb6 12. Bd2 Bd7 13. Ne2 Rfd8 14. c3 Bf8 15. g4
Ne7 16. Ng3 Rac8 17. a5 Na8 18. f5 exf5 19. gxf5 Bb5 20. f6 Ng6 21. Bxc8 Rxc8
22. Qe2 Re8 23. c4 dxc4 24. dxc4 Bc6 25. fxg7 Bxg7 26. Bc3 Qd7 27. Rad1 Qe7 28.
Nf5 Qe6 29. Ng5 Qc8 30. Nxg7 1-0

[Event "MP Reykjavik Open 2011"]
[Site "Reykjavik ISL"]
[Date "2011.03.11"]
[Round "3.75"]
[White "Klein, Gernot"]
[Black "Kjartansson, Dagur"]
[Result "1/2-1/2"]
[WhiteElo "1924"]
[BlackElo "1517"]
[PlyCount "144"]
[EventDate "2011.03.09"]
[EventType "swiss"]
[EventRounds "9"]
[EventCountry "ISL"]
[Source "lmi"]
[SourceDate "2011.03.09"]

1. e4 c5 2. Nf3 Nc6 3. Nc3 g6 4. d4 cxd4 5. Nxd4 Bg7 6. Be3 Nf6 7. Bc4 O-O 8.
Bb3 a6 9. f3 e6 10. O-O d5 11. exd5 Nxd5 12. Nxd5 exd5 13. c3 Re8 14. Re1 Nxd4
15. Bxd4 Rxe1+ 16. Qxe1 Bxd4+ 17. cxd4 Be6 18. Rc1 Rc8 19. Rc3 Rc6 20. Rxc6
bxc6 21. Ba4 Qb6 22. Qc3 Bd7 23. Kf2 Kg7 24. b4 h5 25. Qc5 Qxc5 26. bxc5 g5 27.
Ke3 f5 28. Bd1 f4+ 29. Kd2 g4 30. Be2 Bc8 31. g3 gxf3 32. Bxf3 fxg3 33. hxg3
Kg6 34. Kc3 Bg4 35. Bg2 Be2 36. Kb4 Kf5 37. Bh3+ Ke4 38. Kc3 Kf3 39. Bd7 Bb5
40. Be8 Kxg3 41. Bxh5 Kf4 42. Be8 Ke3 43. Bg6 a5 44. Bc2 Bc4 45. Ba4 Bxa2 46.
Bxc6 Bc4 47. Ba4 Ba6 48. Bd7 Ke4 49. Ba4 Bc8 50. Bc2+ Ke3 51. c6 Be6 52. c7 Bc8
53. Bb3 Ke4 54. Bd1 Bd7 55. Be2 Bc8 56. Bf1 Kf3 57. Bb5 Ke3 58. Bc6 Ke4 59. Be8
Ke3 60. Bg6 a4 61. Bc2 a3 62. Bb3 Ke4 63. Ba2 Bd7 64. Bb1+ Ke3 65. Ba2 Ke4 66.
Bb3 Bc8 67. Bc2+ Ke3 68. Bb1 Bd7 69. Ba2 Ke4 70. Bb3 Bc8 71. Bc2+ Ke3 72. Bb1
Bd7 1/2-1/2

[Event "MP Reykjavik Open 2011"]
[Site "Reykjavik ISL"]
[Date "2011.03.11"]
[Round "3.76"]
[White "Frijling, Jeroen"]
[Black "Stefansson, Vignir Vatnar"]
[Result "1-0"]
[WhiteElo "1874"]
[BlackElo "1501"]
[PlyCount "81"]
[EventDate "2011.03.09"]
[EventType "swiss"]
[EventRounds "9"]
[EventCountry "ISL"]
[Source "lmi"]
[SourceDate "2011.03.09"]

1. e4 c5 2. Nf3 d6 3. d4 cxd4 4. Nxd4 Nf6 5. Nc3 g6 6. Be3 Ng4 7. Bg5 Bg7 8.
Be2 O-O 9. Nb3 Nf6 10. Qd2 Re8 11. O-O-O Nc6 12. Kb1 a5 13. Bh6 Bh8 14. h4 a4
15. Nc1 a3 16. b3 Nd7 17. h5 Qa5 18. Nd5 Qxd2 19. Rxd2 Rd8 20. hxg6 hxg6 21.
Bb5 Ndb8 22. Nd3 e6 23. Nc7 Ra5 24. b4 Ra7 25. Be3 b6 26. Bxc6 Nxc6 27. Nb5 Rb7
28. Rdd1 Bg7 29. Bh6 Bxh6 30. Rxh6 Bd7 31. Nxd6 Rbb8 32. b5 Nd4 33. c4 Bc8 34.
e5 Bb7 35. Rdh1 Kf8 36. Rh8+ Ke7 37. R8h7 Rf8 38. Nf4 Kd8 39. Nxf7+ Ke8 40.
Nd6+ Kd8 41. Nxb7+ 1-0

[Event "MP Reykjavik Open 2011"]
[Site "Reykjavik ISL"]
[Date "2011.03.11"]
[Round "3.77"]
[White "Johannesson, Kristofer Joel"]
[Black "Gardarsson, Hordur"]
[Result "1-0"]
[WhiteElo "1437"]
[BlackElo "1851"]
[PlyCount "63"]
[EventDate "2011.03.09"]
[EventType "swiss"]
[EventRounds "9"]
[EventCountry "ISL"]
[Source "lmi"]
[SourceDate "2011.03.09"]

1. d4 Nf6 2. c4 e6 3. Nf3 b6 4. Bf4 Bb7 5. e3 Bb4+ 6. Nc3 Bxc3+ 7. bxc3 O-O 8.
Bd3 d6 9. Bg5 Nbd7 10. Qc2 h6 11. Bh4 Qe7 12. e4 e5 13. d5 g5 14. Bg3 Nc5 15.
O-O-O a5 16. Rde1 a4 17. Qd2 Nfd7 18. h4 Nxd3+ 19. Qxd3 g4 20. Nd2 h5 21. Qe3
Kg7 22. f3 Nc5 23. Qe2 Bc8 24. Bf2 Bd7 25. Nf1 f5 26. Ng3 Qf7 27. Rhf1 f4 28.
Nh1 g3 29. Bxc5 bxc5 30. Kc2 Rfb8 31. Rb1 Qe8 32. Rfc1 1-0

[Event "MP Reykjavik Open 2011"]
[Site "Reykjavik ISL"]
[Date "2011.03.11"]
[Round "3.78"]
[White "Antonsson, Atli"]
[Black "Sigurdsson, Birkir Karl"]
[Result "1-0"]
[WhiteElo "1830"]
[BlackElo "1481"]
[PlyCount "93"]
[EventDate "2011.03.09"]
[EventType "swiss"]
[EventRounds "9"]
[EventCountry "ISL"]
[Source "lmi"]
[SourceDate "2011.03.09"]

1. d4 Nf6 2. e3 e6 3. f4 c5 4. c3 cxd4 5. exd4 b6 6. Qf3 Nc6 7. Bd3 Bb7 8. Qg3
Ne7 9. Nf3 Ng6 10. O-O Be7 11. f5 exf5 12. Bxf5 O-O 13. h4 Nh5 14. Qg4 Nf6 15.
Qh3 Nh5 16. Ng5 h6 17. Nf3 Nxh4 18. Nxh4 Bxh4 19. Qg4 Ng3 20. Bxh6 Nxf5 21.
Rxf5 Bf6 22. Bxg7 Bxg7 23. Rg5 Qf6 24. Nd2 Rfe8 25. Rf1 Qh6 26. Nc4 Re2 27.
Rxg7+ Qxg7 28. Qxe2 Ba6 29. Qe4 Rd8 30. Qe7 Rc8 31. Rf5 f6 32. Qxg7+ Kxg7 33.
Nd6 Rc6 34. Ne4 Re6 35. Ng3 Kg6 36. Kf2 d6 37. Rf4 Bb7 38. Rg4+ Kh7 39. Nf5 Bd5
40. Rg7+ Kh8 41. Rxa7 Bc4 42. Ne3 Bd3 43. d5 Re5 44. Rb7 f5 45. g3 f4 46. gxf4
Rh5 47. Kg3 1-0

[Event "MP Reykjavik Open 2011"]
[Site "Reykjavik ISL"]
[Date "2011.03.12"]
[Round "4.1"]
[White "Hillarp Persson, Tiger"]
[Black "McShane, Luke J"]
[Result "1/2-1/2"]
[WhiteElo "2524"]
[BlackElo "2683"]
[PlyCount "30"]
[EventDate "2011.03.09"]
[EventType "swiss"]
[EventRounds "9"]
[EventCountry "ISL"]
[Source "lmi"]
[SourceDate "2011.03.09"]

1. c4 Nf6 2. g3 c6 3. Nf3 d5 4. Bg2 dxc4 5. O-O Nbd7 6. Qc2 Nb6 7. a4 a5 8. Na3
Nfd5 9. Nxc4 Nb4 10. Qc3 Nxc4 11. Qxc4 Be6 12. Qc3 Nd5 13. Qd4 Nb4 14. Qc3 Nd5
15. Qd4 Nb4 1/2-1/2

[Event "MP Reykjavik Open 2011"]
[Site "Reykjavik ISL"]
[Date "2011.03.12"]
[Round "4.2"]
[White "Miroshnichenko, Evgenij"]
[Black "Halkias, Stelios"]
[Result "0-1"]
[WhiteElo "2670"]
[BlackElo "2579"]
[PlyCount "66"]
[EventDate "2011.03.09"]
[EventType "swiss"]
[EventRounds "9"]
[EventCountry "ISL"]
[Source "lmi"]
[SourceDate "2011.03.09"]

1. g3 f5 2. Bg2 Nf6 3. c4 g6 4. Nf3 Bg7 5. O-O O-O 6. Nc3 d6 7. b4 Ne4 8. Bb2
a5 9. b5 Nxc3 10. Bxc3 Bxc3 11. dxc3 Nd7 12. Nd4 Nf6 13. c5 e5 14. c6 b6 15.
Qb3+ Kh8 16. Nc2 Qe7 17. c4 Be6 18. Rad1 g5 19. Qc3 f4 20. e3 Qg7 21. exf4 gxf4
22. Rfe1 Ng4 23. h3 fxg3 24. fxg3 Nf2 25. Rd2 Nxh3+ 26. Bxh3 Bxh3 27. c5 bxc5
28. b6 cxb6 29. Rxd6 Rae8 30. Na3 Bg4 31. Nc4 Bf3 32. Kh2 Rf5 33. Rxe5 Rh5+ 0-1

[Event "MP Reykjavik Open 2011"]
[Site "Reykjavik ISL"]
[Date "2011.03.12"]
[Round "4.4"]
[White "Kuzubov, Yuriy"]
[Black "Berbatov, Kiprian"]
[Result "1/2-1/2"]
[WhiteElo "2627"]
[BlackElo "2454"]
[PlyCount "134"]
[EventDate "2011.03.09"]
[EventType "swiss"]
[EventRounds "9"]
[EventCountry "ISL"]
[Source "lmi"]
[SourceDate "2011.03.09"]

1. d4 Nf6 2. g3 c5 3. d5 e6 4. c4 exd5 5. cxd5 d6 6. Bg2 b5 7. a4 b4 8. Nf3 g6
9. O-O Bg7 10. Nfd2 Ba6 11. b3 Qe7 12. Nc4 Bxc4 13. bxc4 Ne4 14. Ra2 Nd7 15.
Bb2 Bxb2 16. Rxb2 O-O 17. Rb3 f5 18. Re3 Ne5 19. Qc2 Ng4 20. Rb3 Nef6 21. h3
Ne5 22. Nd2 Qd7 23. f4 Nf7 24. Qb2 Nd8 25. g4 fxg4 26. e4 Nh5 27. e5 Nxf4 28.
e6 Qe7 29. Ne4 gxh3 30. Bxh3 Ndxe6 31. Bxe6+ Nxe6 32. dxe6 Rxf1+ 33. Kxf1 Rf8+
34. Kg2 Qxe6 35. Qe2 d5 36. cxd5 Qxd5 37. Rd3 Qf5 38. Re3 h5 39. Qc4+ Kg7 40.
Qxc5 Qf1+ 41. Kh2 Qf4+ 42. Kg2 a5 43. Qd4+ Kh6 44. Qd2 Rc8 45. Qe2 Rc1 46. Rf3
Qg4+ 47. Ng3 h4 48. Qd2+ Qg5 49. Qxg5+ Kxg5 50. Ne4+ Kh6 51. Kh3 Ra1 52. Kxh4
Rxa4 53. Nc5 Ra1 54. Rf8 g5+ 55. Kg3 a4 56. Rf6+ Kh5 57. Ra6 b3 58. Rb6 a3 59.
Nxb3 Rb1 60. Kf2 a2 61. Ra6 Rb2+ 62. Kg1 Rb1+ 63. Kg2 Rb2+ 64. Kg1 Rc2 65. Na1
Rc1+ 66. Kg2 Rxa1 67. Ra8 Kh4 1/2-1/2

[Event "MP Reykjavik Open 2011"]
[Site "Reykjavik ISL"]
[Date "2011.03.12"]
[Round "4.5"]
[White "Ziska, Helgi Dam"]
[Black "Miton, Kamil"]
[Result "1/2-1/2"]
[WhiteElo "2432"]
[BlackElo "2600"]
[PlyCount "31"]
[EventDate "2011.03.09"]
[EventType "swiss"]
[EventRounds "9"]
[EventCountry "ISL"]
[Source "lmi"]
[SourceDate "2011.03.09"]

1. e4 c5 2. Nf3 e6 3. d3 Nc6 4. g3 g6 5. Bg2 Bg7 6. O-O Nge7 7. c3 e5 8. a3 O-O
9. b4 d6 10. Be3 b6 11. Qd2 Bg4 12. Bh6 Qd7 13. Bxg7 Kxg7 14. Qb2 cxb4 15. axb4
a5 16. Nbd2 1/2-1/2

[Event "MP Reykjavik Open 2011"]
[Site "Reykjavik ISL"]
[Date "2011.03.12"]
[Round "4.6"]
[White "Sveshnikov, Evgeny"]
[Black "Adly, Ahmed"]
[Result "0-1"]
[WhiteElo "2527"]
[BlackElo "2640"]
[PlyCount "56"]
[EventDate "2011.03.09"]
[EventType "swiss"]
[EventRounds "9"]
[EventCountry "ISL"]
[Source "lmi"]
[SourceDate "2011.03.09"]

1. e4 c5 2. c3 Nf6 3. e5 Nd5 4. Nf3 Nc6 5. d4 cxd4 6. cxd4 d6 7. Bc4 Nb6 8. Bb5
Bd7 9. Nc3 dxe5 10. Nxe5 e6 11. O-O Be7 12. Qg4 O-O 13. Rd1 Be8 14. Bh6 Bf6 15.
Bxc6 Bxc6 16. Rd3 Kh8 17. Rg3 g6 18. Bxf8 Qxf8 19. Nxc6 bxc6 20. Rf3 Qe7 21.
Ne4 Bxd4 22. Qf4 f5 23. Qd6 Qxd6 24. Nxd6 Kg7 25. Rc1 c5 26. b4 c4 27. Ra3 Bb2
28. Nxc4 Nxc4 0-1